Catalog

Record Details

Catalog Search



Available copies

  • 1 of 1 copy available at LARL/NWRL Consortium.
  • 1 of 1 copy available at Northwest Regional Library. (Show preferred library)

Current holds

0 current holds with 1 total copy.

Show Only Available Copies
Location Call Number / Copy Notes Barcode Shelving Location Status Due Date
Roseau Public Library LAU (Text) 35500005729585 Main Available -

Record details

  • ISBN: 9780758265241 (pbk.)
  • ISBN: 0758265247 (pbk.)
  • Physical Description: 375 pages ; 21 cm.
  • Publisher: New York, NY : Brava, Kensington Publishing Corp., 2014

Content descriptions

General Note:
"Brava paranormal romance"--Spine.
Summary, etc.:
Livy Kowalski has no time for idiots. When you ... Read More
Subject: Shapeshifting > Fiction.
Genre: Paranormal romance stories.
Erotic fiction.
Occult fiction.
LDR 02035cam a2200409Ii 4500
001166012
003LARL_NWRL_CONSORTIUM
00520140516103713.0
008130718s2014 nyu 000 1 eng d
0167 . ‡a016643197 ‡2Uk
019 . ‡a875002991
020 . ‡a9780758265241 (pbk.)
020 . ‡a0758265247 (pbk.)
035 . ‡a(OCoLC)853244693 ‡z(OCoLC)875002991
08204. ‡a813/.6 ‡223
1001 . ‡aLaurenston, Shelly, ‡eauthor. ‡0(LARL_NWRL_CONSORTIUM)213979
24510. ‡aBite me ‡n#9 / ‡cShelly Laurenston.
260 . ‡aNew York, NY : ‡bBrava, Kensington Publishing Corp., ‡c2014
300 . ‡a375 pages ; ‡c21 cm.
336 . ‡atext ‡btxt ‡2rdacontent
337 . ‡aunmediated ‡bn ‡2rdamedia
338 . ‡avolume ‡bnc ‡2rdacarrier
4900 . ‡aPride ; ‡v9
500 . ‡a"Brava paranormal romance"--Spine.
520 . ‡aLivy Kowalski has no time for idiots. When you shapeshift into a honey badger, getting through life's irritants is a finely honed skill. Until she gets stuck housing her nutso cousin and dealing with her dad's untimely and unexplained demise. That's where Vic Barinov comes in - or his house does. Vic can't step outside without coming back to find Livy devouring his honey stash and getting the TV remote sticky. It gets his animal instincts all riled up. But he'll have to woo her at high speed: all hell is breaking loose, and Livy is leading the charge.
650 0. ‡aShapeshifting ‡vFiction.
655 0. ‡aParanormal romance stories.
655 7. ‡aErotic fiction. ‡2gsafd
655 7. ‡aOccult fiction. ‡2lcgft
901 . ‡a166012 ‡bOCLC ‡c166012 ‡tbiblio

Additional Resources